000
00337pam a2200157a 44500
008
230515b1980 xxu||||| |||| 00| 0 eng d
020
_a
NULL
041
_a
ENGL
082
_a
621.4 /WAL
100
_a
WALKAR G.
245
_a
STERLING ENGINES
250
_a
N.D.
260
_a
NULL
_b
CLARE
_c
1980
300
_a
535 PB
650
_a
NULL
999
_c
620100
_d
620100